000 00246 a2200109 4500
001 122648
020 _a9788576653615
040 _cEscola Canadense de Niteroi
100 _aVentura, Zuenir
245 1 0 _a1968-O ano que não terminou
942 _cBK
999 _c122648
_d122648